Gossip Girl Episodes Quiz Stats

 Plays Quiz not verified by Sporcle

Also try: TV Medical Series
Challenge
Share
Tweet
Embed
Score 0/65 Timer 10:00
0 Plays Today
Season % Correct
Season 1: Episode 1Pilot
96.6%
Season 1: Episode 2The Wild Brunch
70.7%
Season 1: Episode 9Blair Waldorf Must Pie!
70.7%
Season 1: Episode 3Poison Ivy
67.2%
Season 1: Episode 4Bad News Blair
67.2%
Season 1: Episode 7Victor
65.5%
Season 1: Episode 14The Blair Bitch Project
65.5%
Season 1: Episode 5Dare Devil
63.8%
Season 1: Episode 18Much 'I Do' About Nothing
63.8%
Season 2: Episode 1Summer Kind of Wonderful
63.8%
Season 1: Episode 10Hi, Society
62.1%
Season 2: Episode 25The Goodbye Gossip Girl
60.3%
Season 1: Episode 6The Handmaiden's Tale
58.6%
Season 1: Episode 8Seventeen Candles
58.6%
Season 2: Episode 3The Dark Night
58.6%
Season 1: Episode 11Roman Holiday
56.9%
Season 1: Episode 13A Thin Line Between Chuck and Nate
56.9%
Season 1: Episode 15Desperately Seeking Serena
56.9%
Season 1: Episode 17Woman on the Verge
56.9%
Season 1: Episode 16All About My Brother
55.2%
Season 1: Episode 12School Lies
53.4%
Season 2: Episode 5The Serena Also Rises
53.4%
Season 2: Episode 13O Brother, Where Bart Thou?
53.4%
Season 2: Episode 14In the Realm of the Basses
51.7%
Season 2: Episode 11The Magnificent Archibalds
50%
Season 2: Episode 16You've Got Yale
50%
Season 2: Episode 19The Grandfather
50%
Season 3: Episode 22Last Tango, Then Paris
50%
Season 2: Episode 2Never Been Marcused
48.3%
Season 2: Episode 4The Ex-Files
48.3%
Season 2: Episode 6New Haven Can Wait
48.3%
Season 2: Episode 8Pret-a-Poor-J
48.3%
Season 2: Episode 15Gone with the Will
48.3%
Season % Correct
Season 2: Episode 24Valley Girls
46.6%
Season 3: Episode 12 The Debarted
44.8%
Season 2: Episode 7Chuck in Real Life
43.1%
Season 2: Episode 12It's a Wonderful Lie
43.1%
Season 3: Episode 5Rufus Getting Married
43.1%
Season 3: Episode 8The Grandfather, Part 2
39.7%
Season 2: Episode 18The Age of Dissonance
37.9%
Season 3: Episode 2The Freshman
37.9%
Season 3: Episode 13The Hurt Locket
37.9%
Season 3: Episode 1Reversals of Fortune
36.2%
Season 2: Episode 17Carnal Knowledge
34.5%
Season 3: Episode 4Dan de Fleurette
34.5%
Season 2: Episode 9There Might Be Blood
32.8%
Season 3: Episode 9They Shoot Humphreys, Don't They?
32.8%
Season 3: Episode 17Inglourious Bassterds
32.8%
Season 3: Episode 3The Lost Boy
31%
Season 3: Episode 14The Lady Vanished
31%
Season 3: Episode 16The Empire Strikes Jack
31%
Season 2: Episode 10Bonfire of the Vanity
29.3%
Season 2: Episode 23The Wrath of Con
29.3%
Season 3: Episode 7How to Succeed in Bassness
29.3%
Season 3: Episode 15The Sixteen Year Old Virgin
29.3%
Season 2: Episode 20Remains of the J
25.9%
Season 2: Episode 22Southern Gentlemen Prefer Blondes
25.9%
Season 3: Episode 20It's a Dad, Dad, Dad, Dad, World
25.9%
Season 3: Episode 18The Unblairable Lightness of Being
24.1%
Season 3: Episode 10The Last Days of Disco Stick
22.4%
Season 3: Episode 11Treasure of Serena Madre
22.4%
Season 3: Episode 21Ex-Husbands and Wives
22.4%
Season 3: Episode 19Dr. Estrangeloved
19%
Season 3: Episode 6Enought About Eve
5.2%
Season 2: Episode 21Seder Anthing
3.4%

You're not logged in!

Compare scores with friends on all Sporcle quizzes.
OR
Log In

You Might Also Like...

Show Comments

Extras

Created Aug 12, 2010ReportNominate

Top Quizzes Today


Score Distribution

Your Account Isn't Verified!

In order to create a playlist on Sporcle, you need to verify the email address you used during registration. Go to your Sporcle Settings to finish the process.

Report this User

Report this user for behavior that violates our Community Guidelines.

Details: